| 000 | 01193nam a2200289 c 4500 | ||
|---|---|---|---|
| 999 |
_c430482 _d430482 |
||
| 003 | BLK | ||
| 005 | 20210830090539.0 | ||
| 008 | 180408b bul|||||r ||||||| ||bul|| | ||
| 040 | _aBLK | ||
| 041 |
_aRUS _cRUS |
||
| 080 |
_aРуска литература _b821.161.1 _x.09 _z821.161.1.09 |
||
| 100 |
_9463518 _aГолохвастов, Павел Дмитриевич _eпърви автор |
||
| 139 | _aГолохвастов, Павел Дмитриевич | ||
| 245 | 1 | 0 |
_aЗаконы стиха русского народного и нашего литературного _bОпыт изучения _cП. Д. Голохвастов |
| 257 | _aRUS | ||
| 260 |
_bОбщество любителей древней письменности _c1883 _9212272 _aСанкт-Петербург |
||
| 300 |
_a [6], 78 с. _c29 см |
||
| 380 | _a82 | ||
| 490 |
_9435080 _aКолекция Редки и ценни издания |
||
| 490 |
_aПамятники древней письменности и искусства _v45 |
||
| 650 | 0 |
_9250717 _aПоезия, руска |
|
| 852 |
_aРр 883 _bРц |
||
| 856 | 4 | _qpdf | |
| 856 | 4 | _qpdf | |
| 942 |
_cKNG _n0 _s1 |
||
| 944 |
_aCR _c2021-08-30 _kНР |
||
| 999 | _d430481 | ||